| 000 | 00545cam a2200157 4500 | ||
|---|---|---|---|
| 082 | 0 | 0 |
_a669.9 _bLAK |
| 100 | 1 |
_aLakhtin, I︠U︡riĭ Mikhaĭlovich. _945211 |
|
| 245 | 1 | 0 |
_aEngineering physical metallurgy _c[by] Y. Lakhtin. Translated from the Russian by Nicholas Weinstein. |
| 260 |
_aMoscow, _bMir, _c1968. |
||
| 300 |
_a455 p. _bwith illus. _c22 cm. |
||
| 500 | _aTranslation of Osnovy metallovedenii︠a︡. | ||
| 526 |
_a0 _b0 _c0 _d669_900000000000000_LAK |
||
| 650 | 0 |
_aMCE _9379 |
|
| 650 | 0 |
_aPhysical metallurgy. _944928 |
|
| 942 |
_2ddc _cBK |
||
| 999 |
_c548780 _d548780 |
||